banner-ar

Color harmony logos : (Record no. 66583)

MARC details
000 -الفاتح
حقل البيانات ثابتة الطول 01597cam a22003737a 4500
005 - وقت وتاريخ اخر تعامل مع التسجيلة
رقم الضبط 20240530110927.0
008 - عناصر البيانات ثابتة الطول - معلومات عامة
حقل البيانات ثابتة الطول 061005s2006 maua 000 0 eng d
010 ## -
-- 2006284036
016 7# - رقم ضبط الوكاله الوطنية للضبط الببليوجرافي
رقم ضبط التسجيلة 013409287
020 ## - الرقم الدولى المعيارى للكتب
الرقم الدولى المعيارى للكتاب 1592532446 (pbk.)
035 ## - رقم ضبط النظام
رقم ضبط النظام (CStRLIN)CTYA7670944-B
040 ## - مصدر الفهرسة
وكالة الفهرسة الأصلية UKM
وكالة النسخ UKM
وكالة التعديل BAKER
-- PU
-- CtY
-- DLC
042 ## -
-- lccopycat
082 04 - رقم تصنيف ديوى العشرى
رقم الطبعة 21
رقم التصنيف 741.692\
رقم المادة B C
100 1# - المدخل الرئيسى - إسم شخصى
الإسم الشخصى Simmons, Christopher,
التواريخ المصاحبة للاسم 1973-
245 10 - بيان العنوان
العنوان Color harmony logos :
بقية العنوان more than 1,000 colorways for logos that work /
بيان المسئوليه,etc [Christopher Simmons, Tim Belonax, Kate Earhart].
260 ## - PUBLICATION, DISTRIBUTION, ETC. (IMPRINT)
تاريخ النشر أو التوزيع 2006.
300 ## - الوصف المادى
التعداد 157 p. :
تفاصيل ماديه اخرى للوعاء col. ill. ;
أبعاد الوعاء 24 cm. +
المادة المصاحبة 1 CD-ROM (4 3/4 in.)
650 #0 - المدخل الاضافى بالموضوع-مصطلح موضوعى
مصطلح موضوعي Logos (Symbols)
650 #0 - المدخل الاضافى بالموضوع-مصطلح موضوعى
مصطلح موضوعي Color
التقسيم الفرعي العام Psychological aspects.
650 #0 - المدخل الاضافى بالموضوع-مصطلح موضوعى
مصطلح موضوعي Color in design.
650 #0 - المدخل الاضافى بالموضوع-مصطلح موضوعى
مصطلح موضوعي Color in design
التقسيم الفرعي الشكلي Case studies.
700 1# - المدخل الاضافى - اسم شخصى
الإسم الشخصى Belonax, Tim.
700 1# - المدخل الاضافى - اسم شخصى
الإسم الشخصى Earhart, Kate.
942 ## - عناصر المدخل الإضافي( كوها)
مصدر التصنيف او مخطط الترفيف Dewey Decimal Classification
Koha [default] item type كتاب
260 ## - PUBLICATION, DISTRIBUTION, ETC. (IMPRINT)
-- Gloucester, Mass. :
-- Rockport,
520 ## - التبصرة الخاصة بالتعليق أو التلخيص
ملخص,الخ Accompanying CD-ROM contains ... "a selection of the featured logos. The CD lets users experiment with color and print the results for reference."--P. [4] of cover.
856 42 - الوصول و الموقع الالكترونى
مواد محددة Publisher description
معرف المصدر الموحد http://www.loc.gov/catdir/enhancements/fy0701/2006284036-d.html
856 42 - الوصول و الموقع الالكترونى
مواد محددة Contributor biographical information
معرف المصدر الموحد http://www.loc.gov/catdir/enhancements/fy0737/2006284036-b.html
906 ## - عنصر بيانات محلى F, LDF (RLIN)
a 7
b cbc
c copycat
d 2
e ncip
f 20
g y-gencatlg
Holdings
حالة التراجع حالة الفقد مصدر التصنيف او خطة الترفيف حالة تلف ليس للاعارة المكان المؤقت الموقع الحالى موقع الترفيف تاريخ الاكتساب اجمالي اﻻعارات رقم الطلب الباركود تاريخ اخر مشاهدة تاريخ تفعيل السعر نوع وعاء كوها
    ddc     مكتبة القاهرة الكبرى مكتبة القاهرة الكبرى   08/13/2022   741.692\ B C 168214 08/13/2022 08/13/2022 كتاب

Powered By

EGPV